ঢ়
ক্ষ
ড়
ঢ়
য়
র-ফলা‌‌‌
 
 
য-ফলা
ি
 
 
রেফ
 
 
 
যুক্ত করুন/হসন্ত
Space
Enter

কবিতায় বঙ্গবন্ধু / (Record no. 7432)

000 -LEADER
fixed length control field 01047nam a22002297a 4500
001 - CONTROL NUMBER
control field 21005
003 - CONTROL NUMBER IDENTIFIER
control field BD-DhUAP
005 - DATE AND TIME OF LATEST TRANSACTION
control field 20210121151345.0
008 - FIXED-LENGTH DATA ELEMENTS--GENERAL INFORMATION
fixed length control field 210121s2020 bg a|||| |||| 000 0 ben d
020 ## - INTERNATIONAL STANDARD BOOK NUMBER
International Standard Book Number 9847007609468
040 ## - CATALOGING SOURCE
Original cataloging agency BD-DhUAP
Language of cataloging Ben
Transcribing agency BD-DhUAP
Modifying agency BD-DhUAP
082 ## - DEWEY DECIMAL CLASSIFICATION NUMBER
Edition number 23
Classification number 891.441 KOB
245 ## - TITLE STATEMENT
Title কবিতায় বঙ্গবন্ধু /
Statement of responsibility, etc. হাসেম খান ... [এবং অন্যান্য] কর্তৃক সম্পাদিত।
250 ## - EDITION STATEMENT
Edition statement মুজিববর্ষ সং.।
260 ## - PUBLICATION, DISTRIBUTION, ETC.
Place of publication, distribution, etc. ঢাকা :
Name of publisher, distributor, etc. বাংলাদেশ শিশু একাডেমি,
Date of publication, distribution, etc. c২০২০।
300 ## - PHYSICAL DESCRIPTION
Extent ৯৬ পৃষ্ঠা :
Other physical details চিত্র ;
Dimensions ২৮ সেমি.।
490 ## - SERIES STATEMENT
Series statement জাতির পিতা বঙ্গবন্ধু শেখ মুজিবুর রহমান শিশু-গ্রন্থমালা ৭।
600 ## - SUBJECT ADDED ENTRY--PERSONAL NAME
Personal name Rahman, Shekik Mujibur
Dates associated with a name 1920-1975.
650 ## - SUBJECT ADDED ENTRY--TOPICAL TERM
Topical term or geographic name entry element Bengali poetry.
700 ## - ADDED ENTRY--PERSONAL NAME
Personal name খান, হাসেম.
942 ## - ADDED ENTRY ELEMENTS (KOHA)
Source of classification or shelving scheme
Koha item type Book
Holdings
Withdrawn status Lost status Source of classification or shelving scheme Damaged status Not for loan Permanent Location Current Location Shelving location Date acquired Full call number Barcode Date last seen Copy number Price effective from Koha item type
          UAP Central Library UAP Central Library Reference Stacks 2021-01-21 891.441 KOB 3010021005 2021-01-21 1 2021-01-21 Book

All rights reserved © UAP Central Library,
University of Asia Pacific.